|
|
|
|
| LEADER |
00901cam a2200217 7i4500 |
| 001 |
0000022957 |
| 005 |
20090622090000.0 |
| 090 |
0 |
0 |
|a ASIA 628.1
|b ASI
|
| 245 |
0 |
0 |
|a Asian water directory 2008-2009 :
|b Malaysia - Singapore ed..
|
| 260 |
0 |
0 |
|a Kuala Lumpur:
|b SPH Media Sdn Bhd,
|c 2009.
|
| 300 |
# |
# |
|a 208 p.
|
| 650 |
0 |
0 |
|a Water --
|x Directories --
|z Malaysia
|
| 650 |
0 |
0 |
|a Water --
|x Directories --
|z Singapore
|
| 651 |
0 |
0 |
|a Singapore
|
| 651 |
0 |
0 |
|a Malaysia
|
| 999 |
|
|
|a JHR000114H
|b Directories
|c Regions
|e MATRADE Southern Regional Office
|
| 999 |
|
|
|a 0000023816
|b Directories
|c Regions
|e Business Information Centre
|
| 999 |
|
|
|a SRW000218H
|b Directories
|c Regions
|e Business Information Centre
|
| 999 |
|
|
|a PNG000821H
|b Directories
|c Regions
|e MATRADE Northern Regional Office
|
| 999 |
|
|
|a SBH000791H
|b Directories
|c Regions
|e MATRADE Sabah
|
| 999 |
|
|
|a TRG000103H
|b Directories
|c Regions
|e MATRADE Eastern Regional Office
|